Regional income accounting in an underdeveloped economy : a case study of india (Record no. 410384)

000 -LEADER
fixed length control field 00422cam a22001217a 4500
008 - FIXED-LENGTH DATA ELEMENTS--GENERAL INFORMATION
fixed length control field 180718b1966 xxu||||| |||| 00| 0 eng d
082 ## - DEWEY DECIMAL CLASSIFICATION NUMBER
Classification number T112x54 C393
100 ## - MAIN ENTRY--PERSONAL NAME
Personal name Chaudhary, Mahinder D.
245 ## - TITLE STATEMENT
Title Regional income accounting in an underdeveloped economy : a case study of india
Statement of responsibility, etc. by Mahinder D. Chaudhary
260 ## - PUBLICATION, DISTRIBUTION, ETC.
Place of publication, distribution, etc. Calcutta
Name of publisher, distributor, etc. Firma K.L. Mukhopadhyay
Date of publication, distribution, etc. 1966
300 ## - PHYSICAL DESCRIPTION
Extent xiv,144p
650 ## - SUBJECT ADDED ENTRY--TOPICAL TERM
Topical term or geographic name entry element Income Accounting -India.
Holdings
Withdrawn status Lost status Damaged status Not for loan Permanent Location Current Location Date acquired Full call number Barcode Date last seen Price effective from Koha item type
        Indian Institute of Public Administration Indian Institute of Public Administration 2009-01-16 T112x54 C393 DA668 2018-07-21 2018-07-21 DA

Powered by Koha